[Event "EUYCC 2025 - U10"]
[Site "?"]
[Date "2025.08.27"]
[Round "9.3"]
[White "Perouin, Simon"]
[Black "Skouroupathis, Kyriakos"]
[Result "0-1"]
[BlackElo "1798"]
[WhiteElo "1861"]
[LiveChessVersion "1.4.8"]

1. e4 {[%clk 1:30:59]} c5 {[%clk 1:30:54]} 2. Nf3 {[%clk 1:31:24]} Nc6
{[%clk 1:31:18]} 3. d4 {[%clk 1:31:47]} cxd4 {[%clk 1:31:43]} 4. Nxd4
{[%clk 1:32:12]} g6 {[%clk 1:32:06]} 5. Nc3 {[%clk 1:31:48]} Bg7 {[%clk 1:32:28]}
6. Be3 {[%clk 1:32:12]} Nf6 {[%clk 1:32:52]} 7. Bc4 {[%clk 1:32:36]} O-O
{[%clk 1:33:13]} 8. Bb3 {[%clk 1:31:55]} d6 {[%clk 1:33:11]} 9. f3
{[%clk 1:31:13]} Bd7 {[%clk 1:31:05]} 10. Qd2 {[%clk 1:26:53]} a6
{[%clk 1:24:25]} 11. g4 {[%clk 1:24:52]} Ne5 {[%clk 1:24:20]} 12. Bh6
{[%clk 1:18:00]} Bxh6 {[%clk 1:02:11]} 13. Qxh6 {[%clk 1:18:27]} Qb6
{[%clk 1:02:23]} 14. O-O-O {[%clk 1:17:20]} a5 {[%clk 0:55:32]} 15. a4
{[%clk 1:15:14]} Qc5 {[%clk 0:54:03]} 16. h4 {[%clk 1:11:04]} Nfxg4
{[%clk 0:54:13]} 17. fxg4 {[%clk 1:11:08]} Nxg4 {[%clk 0:54:40]} 18. Qd2
{[%clk 1:05:46]} e5 {[%clk 0:53:33]} 19. Ndb5 {[%clk 0:59:21]} Bxb5
{[%clk 0:45:23]} 20. Nxb5 {[%clk 0:59:32]} Nf2 {[%clk 0:43:50]} 21. h5
{[%clk 0:54:29]} Nxd1 {[%clk 0:38:59]} 22. Kxd1 {[%clk 0:41:33]} Qc8
{[%clk 0:34:09]} 23. Rg1 {[%clk 0:24:20]} Kh8 {[%clk 0:29:17]} 24. Kc1
{[%clk 0:12:00]} Qd7 {[%clk 0:19:42]} 25. Qg5 {[%clk 0:08:24]} f6
{[%clk 0:19:14]} 26. Qd2 {[%clk 0:04:31]} g5 {[%clk 0:18:47]} 27. Rd1
{[%clk 0:03:12]} d5 {[%clk 0:16:15]} 28. exd5 {[%clk 0:02:44]} Ra6
{[%clk 0:08:17]} 29. d6 {[%clk 0:02:45]} Rc6 {[%clk 0:07:17]} 30. Qxa5
{[%clk 0:02:27]} Ra6 {[%clk 0:07:21]} 31. Qb4 {[%clk 0:02:39]} Rfa8
{[%clk 0:04:48]} 32. Nc7 {[%clk 0:01:45]} Rxa4 {[%clk 0:05:06]} 33. Bxa4
{[%clk 0:01:56]} Rxa4 {[%clk 0:05:34]} 34. Qxa4 {[%clk 0:01:22]} Qxa4
{[%clk 0:05:43]} 35. Kb1 {[%clk 0:01:02]} Qd7 {[%clk 0:05:59]} 36. Ne6
{[%clk 0:01:24]} b6 37. Nf8 {[%clk 0:01:25]} Qg4 {[%clk 0:05:33]} 38. Rd3
{[%clk 0:00:50]} e4 {[%clk 0:03:40]} 39. d7 {[%clk 0:00:43]} exd3
{[%clk 0:04:08]} 40. Ng6+ {[%clk 0:01:02]} Kg7 {[%clk 0:03:57]} 41. d8=Q
{[%clk 0:01:10]} dxc2+ {[%clk 0:04:03]} 42. Kxc2 {[%clk 0:01:21]} Qe4+
{[%clk 0:03:43]} 43. Kc3 {[%clk 0:01:29]} hxg6 {[%clk 0:04:00]} 44. h6+
{[%clk 0:01:30]} Kh7 {[%clk 0:03:45]} 45. Qxf6 {[%clk 0:01:32]} Qe3+
{[%clk 0:02:24]} 46. Kc2 {[%clk 0:01:47]} Qe2+ {[%clk 0:02:37]} 47. Kb1
{[%clk 0:02:11]} Qd1+ {[%clk 0:02:23]} 48. Ka2 {[%clk 0:02:40]} Qd5+
{[%clk 0:02:38]} 49. b3 {[%clk 0:02:50]} Qa8+ {[%clk 0:02:34]} 50. Kb2
{[%clk 0:03:11]} Qh8 {[%clk 0:02:45]} 51. Qxh8+ {[%clk 0:03:32]} Kxh8
{[%clk 0:03:14]} 52. Kc3 {[%clk 0:03:41]} Kh7 {[%clk 0:03:25]} 53. Kd3
{[%clk 0:04:02]} Kxh6 {[%clk 0:03:47]} 54. Ke3 {[%clk 0:04:29]} Kh5
{[%clk 0:04:10]} 55. Kf3 {[%clk 0:04:46]} Kh4 {[%clk 0:04:31]} 56. Kf2
{[%clk 0:05:12]} g4 {[%clk 0:04:43]} 57. Kg2 {[%clk 0:05:33]} g3 {[%clk 0:05:08]}
58. Kg1 {[%clk 0:05:52]} Kh3 {[%clk 0:05:34]} 59. Kh1 {[%clk 0:06:18]} g2+
{[%clk 0:05:55]} 60. Kg1 {[%clk 0:06:45]} g5 {[%clk 0:06:15]} 61. b4
{[%clk 0:07:09]} b5 {[%clk 0:06:34]} 0-1

[Event "EUYCC 2025 - U10"]
[Site "?"]
[Date "2025.08.27"]
[Round "9.4"]
[White "Macharacek, Jakub"]
[Black "Hlavacek, Pavel"]
[Result "0-1"]
[BlackElo "1923"]
[WhiteElo "1677"]
[LiveChessVersion "1.4.8"]

1. e4 {[%clk 1:30:56]} c5 {[%clk 1:30:50]} 2. Nf3 {[%clk 1:31:10]} Nc6
{[%clk 1:31:09]} 3. d4 {[%clk 1:31:24]} cxd4 {[%clk 1:31:28]} 4. Nxd4
{[%clk 1:31:48]} g6 {[%clk 1:31:40]} 5. Nc3 {[%clk 1:32:09]} Bg7 {[%clk 1:31:59]}
6. Be3 {[%clk 1:32:33]} Nf6 {[%clk 1:32:02]} 7. Be2 {[%clk 1:31:29]} O-O
{[%clk 1:26:43]} 8. O-O {[%clk 1:29:29]} d6 {[%clk 1:19:35]} 9. Qd2
{[%clk 1:21:01]} Ng4 {[%clk 1:07:50]} 10. Bxg4 {[%clk 1:20:36]} Bxg4
{[%clk 1:06:30]} 11. f3 {[%clk 1:09:50]} Bd7 12. Kh1 {[%clk 1:02:00]} Ne5
{[%clk 1:01:27]} 13. b3 {[%clk 0:50:41]} Rc8 {[%clk 0:53:08]} 14. Nce2
{[%clk 0:40:02]} Nc6 {[%clk 0:38:42]} 15. c4 {[%clk 0:35:24]} a6 {[%clk 0:37:24]}
16. Rac1 {[%clk 0:30:15]} Nxd4 {[%clk 0:34:59]} 17. Bxd4 {[%clk 0:30:02]} e5
{[%clk 0:32:02]} 18. Be3 {[%clk 0:27:19]} Be6 {[%clk 0:29:20]} 19. Rfd1
{[%clk 0:26:05]} Rc6 {[%clk 0:27:18]} 20. c5 {[%clk 0:25:05]} Qc8
{[%clk 0:25:55]} 21. cxd6 {[%clk 0:20:32]} Rd8 {[%clk 0:22:17]} 22. Qb4
{[%clk 0:18:10]} Qd7 {[%clk 0:20:00]} 23. Rxc6 {[%clk 0:15:20]} Qxc6
{[%clk 0:20:05]} 24. Bb6 {[%clk 0:14:00]} Rd7 {[%clk 0:16:41]} 25. Bc7
{[%clk 0:12:09]} Bf8 {[%clk 0:13:15]} 26. h3 {[%clk 0:06:19]} Rxc7
{[%clk 0:12:53]} 27. Rc1 {[%clk 0:06:11]} Qxd6 {[%clk 0:13:01]} 0-1

[Event "EUYCC 2025 - U10"]
[Site "?"]
[Date "2025.08.27"]
[Round "9.5"]
[White "Grigorescu, Stefan"]
[Black "Kristof, Simon"]
[Result "0-1"]
[BlackElo "1635"]
[WhiteElo "1465"]
[LiveChessVersion "1.4.8"]

1. Nf3 {[%clk 1:30:40]} d5 {[%clk 1:30:50]} 2. c4 {[%clk 1:31:00]} e6
{[%clk 1:31:09]} 3. b3 {[%clk 1:31:25]} Nf6 {[%clk 1:31:05]} 4. Bb2
{[%clk 1:31:47]} Be7 {[%clk 1:31:27]} 5. e3 {[%clk 1:31:39]} O-O {[%clk 1:31:20]}
6. Be2 {[%clk 1:32:03]} b6 {[%clk 1:30:22]} 7. O-O {[%clk 1:27:30]} Bb7
{[%clk 1:29:11]} 8. d4 {[%clk 1:27:46]} Nbd7 {[%clk 1:27:25]} 9. Nbd2
{[%clk 1:26:29]} c5 {[%clk 1:26:52]} 10. Qc2 {[%clk 1:26:24]} Rc8
{[%clk 1:25:01]} 11. Rac1 {[%clk 1:24:33]} Qc7 {[%clk 1:20:37]} 12. cxd5
{[%clk 1:21:41]} exd5 {[%clk 1:17:26]} 13. Bd3 {[%clk 1:20:36]} h6
{[%clk 1:15:43]} 14. Rfe1 {[%clk 1:20:50]} Bd6 {[%clk 1:15:15]} 15. e4
{[%clk 1:20:47]} dxe4 {[%clk 1:14:26]} 16. Nxe4 {[%clk 1:21:06]} Nxe4
{[%clk 1:12:47]} 17. Bxe4 {[%clk 1:21:30]} Bxe4 {[%clk 1:07:40]} 18. Qxe4
{[%clk 1:21:37]} Nf6 {[%clk 0:51:07]} 19. Qf5 {[%clk 1:20:27]} Qd7
{[%clk 0:49:22]} 20. Qxd7 {[%clk 1:20:10]} Nxd7 {[%clk 0:48:05]} 21. dxc5
{[%clk 1:20:32]} Nxc5 {[%clk 0:47:32]} 22. Red1 {[%clk 1:20:15]} Bf4
{[%clk 0:44:20]} 23. Rc4 {[%clk 1:20:37]} Ne6 {[%clk 0:43:26]} 24. Rxc8
{[%clk 1:20:40]} Rxc8 {[%clk 0:43:17]} 25. g3 {[%clk 1:20:39]} Rc2
{[%clk 0:34:46]} 26. Rb1 {[%clk 1:18:47]} Bd6 {[%clk 0:33:35]} 27. a4
{[%clk 1:18:41]} Bc5 {[%clk 0:33:13]} 28. b4 {[%clk 1:14:29]} Bxf2+
{[%clk 0:31:24]} 29. Kh1 {[%clk 1:14:48]} Be3 {[%clk 0:28:43]} 30. b5
{[%clk 1:13:41]} Rf2 {[%clk 0:27:26]} 31. Ne5 {[%clk 1:13:19]} Bd4
{[%clk 0:16:44]} 32. Bxd4 {[%clk 1:13:03]} Nxd4 {[%clk 0:17:02]} 33. Rd1
{[%clk 1:13:18]} Re2 {[%clk 0:04:00]} 34. Nxf7 {[%clk 1:10:29]} Nf3 35. Rd2 Rxd2
{[%clk 0:03:59]} 36. Nxh6+ {[%clk 1:10:37]} gxh6 {[%clk 0:04:08]} 37. h4
{[%clk 1:10:57]} Rh2# {[%clk 0:04:16]} 0-1

[Event "EUYCC 2025 - U10"]
[Site "?"]
[Date "2025.08.27"]
[Round "9.6"]
[White "Vanek, Michal"]
[Black "Horvath, Kornel"]
[Result "1-0"]
[BlackElo "1635"]
[WhiteElo "1669"]
[LiveChessVersion "1.4.8"]

1. e4 {[%clk 1:30:58]} e5 {[%clk 1:30:53]} 2. Nf3 {[%clk 1:31:22]} Nc6
{[%clk 1:31:09]} 3. Bb5 {[%clk 1:31:46]} Nf6 {[%clk 1:31:09]} 4. O-O
{[%clk 1:31:47]} d6 {[%clk 1:29:12]} 5. d4 {[%clk 1:30:37]} Bd7 {[%clk 1:28:23]}
6. Re1 {[%clk 1:29:30]} a6 {[%clk 1:27:03]} 7. Bc4 {[%clk 1:28:11]} Bg4
{[%clk 1:25:07]} 8. dxe5 {[%clk 1:22:57]} Nxe5 {[%clk 1:20:42]} 9. Be2
{[%clk 1:23:14]} Bxf3 {[%clk 1:18:04]} 10. Bxf3 {[%clk 1:23:24]} Be7
{[%clk 1:17:02]} 11. Nc3 {[%clk 1:21:24]} O-O {[%clk 1:16:28]} 12. Be3
{[%clk 1:20:55]} h6 {[%clk 1:12:46]} 13. Be2 {[%clk 1:19:54]} Qd7
{[%clk 1:09:57]} 14. Bd4 {[%clk 1:18:06]} Rad8 {[%clk 1:08:31]} 15. f4
{[%clk 1:14:15]} Nc6 {[%clk 1:08:44]} 16. Be3 {[%clk 1:13:28]} d5
{[%clk 1:07:33]} 17. e5 {[%clk 1:07:03]} Nh7 {[%clk 1:07:46]} 18. Bf2
{[%clk 1:03:18]} f6 {[%clk 1:05:24]} 19. Bg4 {[%clk 1:00:29]} f5 {[%clk 1:05:28]}
20. Bf3 {[%clk 0:55:06]} Bb4 {[%clk 1:04:24]} 21. Qxd5+ {[%clk 0:50:35]} Qxd5
{[%clk 1:04:29]} 22. Bxd5+ {[%clk 0:50:58]} Kh8 {[%clk 1:04:24]} 23. Bxc6
{[%clk 0:46:49]} bxc6 {[%clk 1:04:26]} 24. Rad1 {[%clk 0:44:12]} Rb8
{[%clk 1:04:25]} 25. Rd7 {[%clk 0:42:51]} Ba5 {[%clk 1:04:42]} 26. Bd4
{[%clk 0:39:05]} Bb6 {[%clk 0:58:53]} 27. Bxb6 {[%clk 0:38:54]} cxb6
{[%clk 0:59:09]} 28. Rd6 {[%clk 0:38:13]} Rbc8 {[%clk 0:59:26]} 29. Red1
{[%clk 0:37:06]} Rfe8 {[%clk 0:58:24]} 30. Na4 {[%clk 0:35:46]} b5
{[%clk 0:57:27]} 31. Nc5 {[%clk 0:35:11]} a5 {[%clk 0:57:49]} 32. Rd7
{[%clk 0:33:07]} g5 {[%clk 0:57:49]} 33. g3 {[%clk 0:32:57]} Rg8 {[%clk 0:57:43]}
34. Kf2 {[%clk 0:32:27]} gxf4 {[%clk 0:56:50]} 35. gxf4 {[%clk 0:32:32]} Rg4
{[%clk 0:56:14]} 36. Rd8+ {[%clk 0:28:55]} Rxd8 {[%clk 0:56:38]} 37. Rxd8+
{[%clk 0:29:22]} Kg7 {[%clk 0:57:01]} 38. Rd7+ {[%clk 0:27:49]} Kh8
{[%clk 0:57:15]} 39. e6 {[%clk 0:22:14]} Rxf4+ {[%clk 0:56:14]} 40. Ke3
{[%clk 0:21:52]} Rg4 {[%clk 0:56:21]} 41. Rd8+ {[%clk 0:19:18]} Rg8
{[%clk 0:56:24]} 42. Rxg8+ {[%clk 0:18:45]} Kxg8 {[%clk 0:56:43]} 43. Kf4
{[%clk 0:19:03]} Kf8 {[%clk 0:56:42]} 44. Kxf5 {[%clk 0:18:56]} Ke7
{[%clk 0:57:00]} 45. Kg6 {[%clk 0:16:59]} Ng5 {[%clk 0:56:55]} 46. Kxh6
{[%clk 0:16:36]} Nf3 {[%clk 0:57:20]} 47. h3 {[%clk 0:16:08]} Ne1
{[%clk 0:56:57]} 48. c3 {[%clk 0:16:13]} Nc2 {[%clk 0:55:57]} 49. Kg7
{[%clk 0:15:58]} Ne3 {[%clk 0:56:14]} 50. Kg6 {[%clk 0:14:51]} Nd5
{[%clk 0:56:04]} 51. h4 {[%clk 0:14:32]} Kd6 {[%clk 0:56:13]} 52. Kf7
{[%clk 0:13:31]} Kxc5 {[%clk 0:55:59]} 53. e7 {[%clk 0:13:54]} Nxe7
{[%clk 0:55:46]} 54. Kxe7 {[%clk 0:14:17]} b4 {[%clk 0:55:47]} 55. cxb4+
{[%clk 0:14:27]} axb4 {[%clk 0:55:52]} 56. h5 {[%clk 0:14:45]} Kc4
{[%clk 0:55:38]} 57. h6 {[%clk 0:15:06]} b3 {[%clk 0:55:57]} 58. axb3+
{[%clk 0:15:29]} Kxb3 {[%clk 0:56:02]} 59. h7 {[%clk 0:15:49]} Kxb2
{[%clk 0:55:58]} 60. h8=Q+ {[%clk 0:15:59]} Kb3 {[%clk 0:56:23]} 61. Qd4
{[%clk 0:16:17]} c5 {[%clk 0:56:40]} 62. Qxc5 {[%clk 0:16:40]} Ka4
{[%clk 0:56:02]} 63. Qb6 {[%clk 0:16:58]} Ka3 {[%clk 0:56:24]} 64. Kd6
{[%clk 0:17:18]} Ka4 {[%clk 0:56:45]} 65. Qb2 {[%clk 0:17:27]} Ka5
{[%clk 0:57:05]} 66. Kc5 {[%clk 0:17:49]} Ka4 {[%clk 0:57:25]} 67. Qb4#
{[%clk 0:18:11]} 1-0

[Event "EUYCC 2025 - U10"]
[Site "?"]
[Date "2025.08.27"]
[Round "9.7"]
[White "Siska, Samuel"]
[Black "Hornacek, Tomas"]
[Result "0-1"]
[BlackElo "1710"]
[WhiteElo "1687"]
[LiveChessVersion "1.4.8"]

1. d4 {[%clk 1:30:30]} d5 {[%clk 1:30:47]} 2. e3 {[%clk 1:30:13]} e6
{[%clk 1:30:05]} 3. Bd3 {[%clk 1:29:31]} Nf6 {[%clk 1:28:46]} 4. Nf3
{[%clk 1:29:04]} Be7 {[%clk 1:28:01]} 5. b3 {[%clk 1:28:32]} O-O {[%clk 1:27:33]}
6. Bb2 {[%clk 1:28:17]} Nbd7 {[%clk 1:26:16]} 7. Nbd2 {[%clk 1:27:27]} b6
{[%clk 1:25:36]} 8. Ne5 {[%clk 1:26:22]} Bb7 {[%clk 1:24:32]} 9. f4
{[%clk 1:25:01]} Nxe5 10. fxe5 {[%clk 1:24:34]} Ne4 {[%clk 1:21:56]} 11. O-O
{[%clk 1:24:12]} Bg5 {[%clk 1:20:04]} 12. Qe2 {[%clk 1:22:48]} Bh6
{[%clk 1:17:50]} 13. Nf3 {[%clk 1:20:02]} Rc8 {[%clk 1:12:27]} 14. Rae1
{[%clk 1:17:38]} c5 {[%clk 1:08:50]} 15. c4 {[%clk 1:15:40]} Ng5 {[%clk 1:01:18]}
16. Bb1 {[%clk 0:58:59]} dxc4 {[%clk 1:00:55]} 17. bxc4 {[%clk 0:58:41]} Nxf3+
{[%clk 1:01:00]} 18. gxf3 {[%clk 0:58:53]} Qg5+ {[%clk 0:59:38]} 19. Kh1
{[%clk 0:58:52]} Qh5 {[%clk 0:52:40]} 20. e4 {[%clk 0:49:13]} Bf4
{[%clk 0:51:36]} 21. d5 {[%clk 0:41:22]} Bxe5 22. dxe6 {[%clk 0:41:01]} fxe6
{[%clk 0:51:05]} 23. Bxe5 {[%clk 0:39:00]} Qxe5 {[%clk 0:51:24]} 24. Qe3 Rf4
{[%clk 0:49:08]} 25. Rd1 {[%clk 0:38:37]} Bc6 {[%clk 0:46:45]} 26. Qd3
{[%clk 0:36:15]} Ba4 {[%clk 0:44:28]} 27. Bc2 {[%clk 0:35:41]} Bxc2
{[%clk 0:41:47]} 28. Qxc2 {[%clk 0:36:03]} Rcf8 {[%clk 0:40:45]} 29. Qb3
{[%clk 0:35:11]} Rh4 {[%clk 0:40:31]} 30. Rd2 {[%clk 0:34:56]} Rxe4
{[%clk 0:38:38]} 31. fxe4 {[%clk 0:33:56]} Rxf1+ {[%clk 0:38:52]} 32. Kg2
{[%clk 0:34:20]} Rf8 {[%clk 0:38:57]} 33. Qe3 {[%clk 0:34:29]} h6
{[%clk 0:38:32]} 34. Rd7 {[%clk 0:34:19]} Rf7 {[%clk 0:38:06]} 35. Rd8+
{[%clk 0:34:39]} Kh7 {[%clk 0:38:28]} 36. Rd3 {[%clk 0:34:38]} Rf4
{[%clk 0:38:07]} 0-1

[Event "EUYCC 2025 - U10"]
[Site "?"]
[Date "2025.08.27"]
[Round "9.8"]
[White "Grigore, Melania-Cristina"]
[Black "Zlamal, Jakub"]
[Result "1-0"]
[BlackElo "1441"]
[WhiteElo "1433"]
[LiveChessVersion "1.4.8"]

1. e4 {[%clk 1:30:58]} e5 {[%clk 1:30:34]} 2. Nf3 {[%clk 1:31:27]} Nc6
{[%clk 1:30:50]} 3. Bb5 {[%clk 1:31:52]} a6 {[%clk 1:30:58]} 4. Ba4
{[%clk 1:32:17]} Bc5 {[%clk 1:29:58]} 5. d3 {[%clk 1:30:56]} h6 {[%clk 1:29:36]}
6. O-O {[%clk 1:30:06]} Nf6 {[%clk 1:29:48]} 7. Nc3 {[%clk 1:29:54]} d6
{[%clk 1:28:59]} 8. Nd5 {[%clk 1:29:50]} Bg4 {[%clk 1:28:35]} 9. h3
{[%clk 1:29:29]} Bh5 {[%clk 1:28:54]} 10. c3 {[%clk 1:26:35]} O-O
{[%clk 1:27:58]} 11. g4 {[%clk 1:22:25]} Bg6 {[%clk 1:27:31]} 12. b4
{[%clk 1:20:23]} Ba7 {[%clk 1:27:35]} 13. Bb3 {[%clk 1:19:28]} Ne7
{[%clk 1:26:13]} 14. Nxf6+ {[%clk 1:19:23]} gxf6 {[%clk 1:26:28]} 15. Bxh6
{[%clk 1:19:37]} Re8 {[%clk 1:26:26]} 16. Nh4 {[%clk 1:19:28]} Kh7
{[%clk 1:26:05]} 17. Qd2 {[%clk 1:15:17]} Ng8 {[%clk 1:24:23]} 18. Be3
{[%clk 1:13:59]} f5 {[%clk 1:09:57]} 19. Bg5 {[%clk 1:05:23]} f6 {[%clk 1:09:30]}
20. Nxg6 {[%clk 1:05:36]} Kxg6 {[%clk 1:09:31]} 21. gxf5+ {[%clk 1:05:41]} Kh7
{[%clk 1:09:01]} 22. Qe2 {[%clk 0:58:38]} Kg7 {[%clk 0:56:27]} 23. Qh5 fxg5
{[%clk 0:46:04]} 24. Qg6+ {[%clk 0:54:09]} Kh8 {[%clk 0:45:58]} 25. Bxg8
{[%clk 0:54:21]} Re7 {[%clk 0:41:55]} 26. Bf7 {[%clk 0:53:33]} Qf8
{[%clk 0:38:41]} 27. Qf6+ {[%clk 0:53:53]} Kh7 {[%clk 0:38:24]} 28. Bg6+ Kh6
{[%clk 0:38:00]} 29. Be8+ {[%clk 0:54:21]} Kh7 {[%clk 0:37:04]} 30. Qxf8
{[%clk 0:54:35]} Raxe8 {[%clk 0:36:58]} 31. Qf6 {[%clk 0:54:49]} Rg7
{[%clk 0:36:31]} 32. Kh2 {[%clk 0:54:26]} g4 {[%clk 0:35:49]} 33. Rg1
{[%clk 0:54:29]} Bxf2 {[%clk 0:35:06]} 34. Rg2 {[%clk 0:53:57]} g3+
{[%clk 0:35:02]} 35. Kh1 {[%clk 0:54:16]} Rh8 {[%clk 0:34:44]} 36. Rf1
{[%clk 0:53:43]} Kg8 {[%clk 0:34:21]} 37. Rfxf2 {[%clk 0:51:02]} Rxh3+
{[%clk 0:33:22]} 38. Kg1 {[%clk 0:51:26]} Rgh7 {[%clk 0:32:55]} 39. Kf1
{[%clk 0:50:16]} Rh1+ {[%clk 0:31:56]} 40. Ke2 {[%clk 0:50:05]} Rg7
{[%clk 0:30:52]} 41. Kf3 {[%clk 0:48:09]} Rh3 {[%clk 0:30:10]} 42. Rf1
{[%clk 0:46:29]} Rg4 {[%clk 0:29:47]} 43. Kxg4 {[%clk 0:46:33]} Rh7
{[%clk 0:29:49]} 44. Kf3 {[%clk 0:46:25]} Rg7 {[%clk 0:29:49]} 45. Rxg3
{[%clk 0:46:46]} Rxg3+ {[%clk 0:30:03]} 46. Kxg3 {[%clk 0:47:15]} Kh7
{[%clk 0:30:16]} 47. Rh1+ {[%clk 0:47:33]} Kg8 {[%clk 0:30:03]} 48. Rh8#
{[%clk 0:48:02]} 1-0

[Event "EUYCC 2025 - U10"]
[Site "?"]
[Date "2025.08.27"]
[Round "9.11"]
[White "Jongejan, Evienne"]
[Black "Balmus, Alexa"]
[Result "1-0"]
[BlackElo "1595"]
[WhiteElo "1576"]
[LiveChessVersion "1.4.8"]

1. e4 {[%clk 1:30:56]} e5 {[%clk 1:30:56]} 2. Nf3 {[%clk 1:31:14]} Nc6
{[%clk 1:31:21]} 3. d4 {[%clk 1:31:26]} exd4 {[%clk 1:31:40]} 4. Nxd4
{[%clk 1:31:28]} Bc5 {[%clk 1:32:01]} 5. Nb3 {[%clk 1:31:28]} Be7
{[%clk 1:31:56]} 6. Nc3 {[%clk 1:30:52]} d6 {[%clk 1:32:07]} 7. Bb5
{[%clk 1:30:32]} Bd7 {[%clk 1:32:08]} 8. Qe2 {[%clk 1:28:57]} Nf6
{[%clk 1:31:22]} 9. Bg5 {[%clk 1:28:40]} O-O {[%clk 1:31:20]} 10. O-O-O
{[%clk 1:26:05]} Bg4 {[%clk 1:31:12]} 11. f3 {[%clk 1:26:24]} Bd7
{[%clk 1:29:47]} 12. h3 {[%clk 1:23:57]} a6 {[%clk 1:29:45]} 13. Bxc6
{[%clk 1:22:51]} Bxc6 {[%clk 1:30:07]} 14. e5 {[%clk 1:19:35]} Nh5
{[%clk 1:26:37]} 15. Bxe7 {[%clk 1:17:42]} Qxe7 {[%clk 1:26:42]} 16. exd6
{[%clk 1:16:32]} Qg5+ {[%clk 1:26:09]} 17. Qd2 {[%clk 1:15:23]} Qxd2+
{[%clk 1:25:42]} 18. Rxd2 {[%clk 1:15:46]} cxd6 {[%clk 1:25:57]} 19. Rxd6
{[%clk 1:16:07]} Rfd8 {[%clk 1:25:01]} 20. Rhd1 {[%clk 1:15:59]} Re8
{[%clk 1:24:11]} 21. Nd4 {[%clk 1:14:16]} Rac8 {[%clk 1:23:16]} 22. Nxc6
{[%clk 1:09:33]} Rxc6 {[%clk 1:23:28]} 23. Rd7 {[%clk 1:09:34]} b5
{[%clk 1:22:46]} 24. Re7 {[%clk 1:09:36]} Kf8 {[%clk 1:22:02]} 25. Rb7
{[%clk 1:07:14]} g6 {[%clk 1:21:34]} 26. Rdd7 {[%clk 1:04:26]} Rf6
{[%clk 1:20:06]} 27. Nd5 {[%clk 1:02:14]} Rfe6 {[%clk 1:17:02]} 28. Rxf7+
{[%clk 0:59:05]} Kg8 {[%clk 1:17:14]} 29. g4 {[%clk 0:58:40]} Rd8
{[%clk 1:13:10]} 30. Rfc7 {[%clk 0:55:36]} Red6 {[%clk 1:07:44]} 31. gxh5
{[%clk 0:44:43]} Rxd5 {[%clk 1:07:57]} 32. Rg7+ {[%clk 0:44:33]} Kf8
{[%clk 1:07:49]} 33. Rgf7+ {[%clk 0:44:45]} Kg8 {[%clk 1:08:00]} 34. b3
{[%clk 0:43:09]} Rxh5 {[%clk 1:07:47]} 35. c4 {[%clk 0:37:51]} bxc4
{[%clk 1:06:23]} 36. bxc4 {[%clk 0:38:13]} Rxh3 {[%clk 1:05:51]} 37. Rbc7
{[%clk 0:36:58]} Rh4 {[%clk 1:05:07]} 38. Rg7+ {[%clk 0:30:12]} Kh8
{[%clk 1:04:04]} 39. f4 {[%clk 0:28:34]} Rf8 {[%clk 1:01:07]} 40. Rgd7
{[%clk 0:28:31]} Re8 {[%clk 1:00:40]} 41. c5 {[%clk 0:26:35]} Rh2
{[%clk 1:00:44]} 42. Rd2 {[%clk 0:26:03]} Rh1+ {[%clk 0:59:02]} 43. Kc2
{[%clk 0:26:21]} Ra1 {[%clk 0:57:55]} 44. Kb2 {[%clk 0:26:29]} Rh1
{[%clk 0:58:07]} 45. c6 {[%clk 0:26:19]} Rb8+ {[%clk 0:58:03]} 46. Rb7
{[%clk 0:26:01]} Rc8 {[%clk 0:56:52]} 47. c7 {[%clk 0:26:09]} Kg7
{[%clk 0:56:52]} 48. Rd8 {[%clk 0:25:39]} Rh2+ {[%clk 0:56:55]} 49. Kc3
{[%clk 0:25:49]} Rxc7+ {[%clk 0:56:57]} 50. Rxc7+ {[%clk 0:26:08]} Kf6
{[%clk 0:57:03]} 51. Rc5 {[%clk 0:25:56]} Rxa2 {[%clk 0:56:41]} 52. Rd6+
{[%clk 0:25:50]} Kg7 {[%clk 0:57:03]} 53. f5 {[%clk 0:25:32]} Ra3+
{[%clk 0:56:44]} 54. Kb2 {[%clk 0:25:54]} Rf3 {[%clk 0:56:45]} 55. Rc7+
{[%clk 0:26:11]} Kh6 {[%clk 0:56:52]} 56. fxg6 {[%clk 0:26:03]} hxg6
{[%clk 0:56:49]} 57. Rcc6 {[%clk 0:26:14]} Rf2+ {[%clk 0:56:48]} 58. Ka3
{[%clk 0:25:55]} Rf3+ {[%clk 0:56:56]} 59. Ka4 {[%clk 0:26:12]} Rf4+
{[%clk 0:57:02]} 60. Ka5 {[%clk 0:26:31]} Rg4 {[%clk 0:57:13]} 61. Kxa6
{[%clk 0:26:39]} Ra4+ {[%clk 0:57:02]} 62. Kb5 {[%clk 0:26:57]} Rg4
{[%clk 0:57:23]} 63. Kc5 {[%clk 0:26:58]} Rg5+ {[%clk 0:57:29]} 64. Kd4
{[%clk 0:27:20]} Rg4+ {[%clk 0:57:36]} 65. Ke5 {[%clk 0:27:45]} Rg5+
{[%clk 0:57:35]} 66. Ke6 {[%clk 0:27:26]} Rg1 {[%clk 0:57:38]} 67. Kf7
{[%clk 0:27:31]} Kh5 {[%clk 0:56:36]} 68. Rxg6 {[%clk 0:27:42]} Rf1+
{[%clk 0:56:28]} 69. Rcf6 {[%clk 0:28:02]} Ra1 {[%clk 0:56:31]} 70. Rf5+
{[%clk 0:27:44]} Kh4 {[%clk 0:56:49]} 71. Rf2 {[%clk 0:27:25]} Ra7+
{[%clk 0:56:52]} 72. Kg8 {[%clk 0:26:49]} Ra8+ {[%clk 0:56:55]} 73. Kh7
{[%clk 0:27:06]} Ra7+ {[%clk 0:57:09]} 74. Kh6 {[%clk 0:27:16]} Kh3
{[%clk 0:57:02]} 75. Rf5 {[%clk 0:27:10]} Ra4 {[%clk 0:56:57]} 76. Rh5+
{[%clk 0:27:23]} Rh4 {[%clk 0:57:15]} 77. Rxh4+ {[%clk 0:27:44]} Kxh4
{[%clk 0:57:35]} 78. Kg7 {[%clk 0:28:10]} Kh5 {[%clk 0:57:47]} 79. Kf6
{[%clk 0:28:28]} Kh4 {[%clk 0:57:58]} 80. Kf5 {[%clk 0:28:50]} Kh3
{[%clk 0:58:21]} 81. Kf4 {[%clk 0:29:14]} Kh2 {[%clk 0:58:42]} 82. Kf3
{[%clk 0:29:37]} Kh1 {[%clk 0:59:06]} 83. Kf2 {[%clk 0:29:55]} Kh2
{[%clk 0:59:27]} 84. Rh6# {[%clk 0:30:18]} 1-0

[Event "EUYCC 2025 - U10"]
[Site "?"]
[Date "2025.08.27"]
[Round "9.12"]
[White "Ser, Karina"]
[Black "Andrasinova, Natalia"]
[Result "1-0"]
[BlackElo "1572"]
[WhiteElo "1427"]
[LiveChessVersion "1.4.8"]

1. d4 {[%clk 1:30:57]} d5 {[%clk 1:30:52]} 2. e3 {[%clk 1:31:02]} Nf6
{[%clk 1:30:48]} 3. Bd3 {[%clk 1:30:51]} e6 {[%clk 1:30:19]} 4. Nd2
{[%clk 1:30:37]} c5 {[%clk 1:29:35]} 5. c3 {[%clk 1:30:44]} Nbd7 {[%clk 1:25:25]}
6. f4 {[%clk 1:29:28]} Nb6 {[%clk 1:16:29]} 7. Ngf3 {[%clk 1:27:06]} Bd6
{[%clk 1:14:51]} 8. O-O {[%clk 1:24:57]} c4 {[%clk 1:12:52]} 9. Bc2
{[%clk 1:24:29]} O-O {[%clk 1:12:36]} 10. Ne5 {[%clk 1:23:21]} Qe7
{[%clk 1:08:11]} 11. Rf3 {[%clk 1:21:47]} Nfd7 {[%clk 1:06:41]} 12. Bxh7+
{[%clk 1:22:03]} Kh8 {[%clk 1:02:48]} 13. Rh3 {[%clk 1:22:20]} Bxe5
{[%clk 1:01:45]} 14. Bg6+ {[%clk 1:22:25]} Kg8 {[%clk 1:01:18]} 15. Bh7+
{[%clk 1:22:16]} Kh8 {[%clk 1:00:40]} 16. fxe5 Qg5 {[%clk 0:59:00]} 17. Nf3
{[%clk 1:21:43]} Qe7 {[%clk 0:57:32]} 18. Qc2 {[%clk 1:21:33]} f6
{[%clk 0:54:35]} 19. Nh4 {[%clk 1:21:42]} Nxe5 {[%clk 0:52:46]} 20. dxe5
{[%clk 1:21:55]} 1-0